Structural design with plastics

Bibliographic Details
Main Author: Benjamin, Bezaleel Solomon 1938- (Author)
Format: Book
Published: New York Van Nostrand Reinhold 1982
Edition:2nd ed.
Subjects:

MARC

LEADER 00000cam a2200000 7i4500
001 0000000206
008 021118n
020 |a 0442201672 
090 0 0 |a TA668  |b .B38 
100 0 |a Benjamin, Bezaleel Solomon  |d 1938-  |e author 
245 0 0 |a Structural design with plastics   |c Bezaleel Solomon Benjamin 
250 |a 2nd ed. 
260 2 |a New York   |b Van Nostrand Reinhold  |c 1982 
300 |a 387 p. ;  |c 24 cm. 
650 0 |a Plastics in building 
650 0 |a Structural design 
999 |a 1000035461  |b Book  |c OPEN SHELF (30 DAYS)  |e Gong Badak Campus